Clubs de sports français champions d'Europe - Statistiques

Statistiques générales
  • Ce quiz a été pris 591 fois
    171 depuis la dernière actualisation
  • Le résultat moyen est 11 sur 18
Statistiques - réponses
Club % Correct
Paris Saint-Germain
100%
Olympique de Marseille
96%
Olympique lyonnais
96%
Stade toulousain
95%
Union Bordeaux Bègles
88%
RC Toulon
83%
Montpellier Handball
77%
Montpellier RC
77%
Stade rochelais
76%
Paris Volley
64%
Limoges CSP
59%
CA Brive
42%
Tours VB
40%
AS Béziers
37%
RC Cannes
29%
Tango Bourges Basket
29%
USA Perpignan
25%
US Valenciennes Olympic
9%
Aucun quiz correspondant
Distribution des résultats
% des personnes avec chaque résultat
Percentile par nombre de réponses
Votre historique - résultats
Vous n’avez pas pris ce quiz depuis la dernière actualisation